Words used only with another word - Statistics

General Stats
  • This quiz has been taken 39 times
    37 since last reset
  • The average score is 13 of 24
Answer Stats
word combination % Correct
{run} amok
97%
{to} {and} fro
95%
figment {of} {your} {imagination}
84%
bated {breath}
78%
inclement {weather}
76%
scot {free}
70%
spick {and} {span}
70%
bide {your} {time}
68%
{whole} shebang
65%
dulcet {tones}
57%
{death} knell
54%
halcyon {days}
54%
nape {of} {the} {neck}
54%
{hoist} {with} {your} {own} petard
49%
{short} shrift
46%
{cast} aspersions
41%
clarion {call}
41%
{look} askance
41%
hale {and} {hearty}
35%
{woe} betide
35%
{damp} squib
24%
{high} dudgeon
22%
{heaven} forfend
16%
serried {ranks}
11%
No matching quizzes found
Score Distribution
Percent of People with Each Score
Percentile by Number Answered
Your Score History
You have not taken this quiz since the last reset